Tout les os du corps humain Sudden Death/Mort Subite - Statistiques

Statistiques générales
  • Ce quiz a été pris 215 fois
  • Le résultat moyen est 17 sur 21
Answers on the Grid
Answers color-coded by a green-red scale on the quiz's grid according to % correct below.
Crâne
Mandibule
Sternum
Cotes
Clavicule
Omoplate
Humérus
Colonne Vertébrale
Sacrum
Coccyx
Cubitus Radius
Os Coxal
Os Carpiens
Os Métacarpiens
Phalanges
Fémur
Rotule
Tibia
Péroné
Os Tarsiens
Os Métatarsiens
Aorta
Appendix
Axolotl
Chad
Fusilli
Diameter
Nutella
Retina
Vistula
Tiberius
Rostrum
 
Statistiques - réponses
Réponse % Correct
Fémur
90%
Clavicule
87%
Coccyx
86%
Tibia
86%
Crâne
85%
Omoplate
85%
Sternum
84%
Cotes
83%
Humérus
83%
Rotule
83%
Colonne Vertébrale
80%
Péroné
80%
Phalanges
80%
Os Métacarpiens
79%
Os Métatarsiens
77%
Os Carpiens
75%
Sacrum
75%
Os Tarsiens
74%
Cubitus Radius
72%
Os Coxal
69%
Mandibule
67%
Aucun quiz correspondant
Distribution des résultats
% des personnes avec chaque résultat
Percentile par nombre de réponses
Votre historique - résultats
Vous n’avez pas pris ce quiz